000 00752nam a22002417i 4500
003 URS
005 20230712132451.0
008 160929b xxu||||| |||| 00| 0 eng d
020 _a97897104452527
040 _erda
_cURS
_bEnglish
050 _aHA29
_b.P13 2008
100 _aPagala, Renante C.,
_eauthor.
_95483
245 _aStatistics /
_cRenante C. Pagala.
264 1 _aIntramuros, Manila :
_bMindshapers Company Incorporated,
_c©2008.
300 _axii, 357 pages ;
_c23 cm.
336 _atext
_btxt
_2rdacontent
337 _aunmediated
_bn
_2rdamedia
338 _avolume
_bnc
_2rdacarrier
504 _aIncludes bibliographical references.
650 0 _aStatistics.
_9204
650 0 _aStatistics
_xProblems, exercises, etc.
942 _2lcc
_cF
999 _c10201
_d10201